000 00409nam a2200145 i 4500
001 20818
003 ES-MaACL
005 20230906152352.0
007 t|
008 021118s1917 sp ||||1| spa d
100 1 _aAlabern y Serrab, José.
_919070
245 1 3 _aLa ciencia de la paz /
_cJosé Alabern y Serrab.
260 _aVich :
_b[s.n.,
_c1917] (
_fImp. Gerónimo Portawella)
852 _aES-MaACL
_j1542-F-4
999 _c20818
_d20818